LE PSYCHOLOGUE ET LA SELECTION DES CADRES /

INDICE

Uloženo v:
Podrobná bibliografie
Hlavní autor: Jeannet, Maurice (autor)
Médium: Kniha
Edice:PSYCHOLOGIE ET SCIENCES HUMAINES ; 18
Témata:
Tagy: Přidat tag
Žádné tagy, Buďte první, kdo vytvoří štítek k tomuto záznamu!

MARC

LEADER 00000nam^a2200000^a^4500
001 000234061
005 20250521000000.0
009 20260310104711.864
035 |a 057941 
037 |a Acervo Xavier Clavigero 
082 |a 158. 7  |b JEA 
100 |a Jeannet, Maurice  |e (autor) 
245 1 3 |a LE PSYCHOLOGUE ET LA SELECTION DES CADRES /  |c MAURICE JEANNET 
264 |a BRUXELLES :  |b CHARLES DESSART,  |c 1967 
300 |a 357 p. 
336 |a texto  |b txt  |2 rdacontenido 
337 |a sin mediación  |b n  |2 rdamedio 
338 |a volumen  |b nc  |2 rdasoporte 
440 |a PSYCHOLOGIE ET SCIENCES HUMAINES ;  |v 18 
520 |a INDICE 
649 |a XX 
650 |a Psicología Laboral 
910 |a Fondo General 
920 |a Impresos - Libros 
930 |a Colección General 
905 |a 101 
901 |a 057941  |b IT1  |c ACC  |i 057941  |u 20250521 
902 |a https://opac.biblio.iteso.mx/vufind/Record/000234061